| 000 | 00419nam a2200169Ia 4500 | ||
|---|---|---|---|
| 008 | 200305s9999 xx 000 0 und d | ||
| 020 | _a978-81-265-3114-1 | ||
| 082 | _a300.727 | ||
| 082 | _bKIS | ||
| 100 | _aKING BRUCE M., MINIUM EDWARD W. | ||
| 245 | _aSTATISTICAL REASONING IN THE BEHAVIORAL SCIENCES | ||
| 250 | _a5th | ||
| 260 |
_aINDIA _bWILEY PUB. |
||
| 300 | _a487 | ||
| 650 | _aEDUCATION | ||
| 999 |
_c40254 _d40254 |
||
| 041 | _aeng | ||